00718nam a2200241Ia 4500008004100000020001600041100002300057245003900080245005600119260001500175260002000190260000900210300001600219300002700235300001000262650002500272650002300297650001600320650002200336700000700358999001900365952009200384160803s9999 xx 000 0 und d a0 439140641 aAlexander, Francie aDots! Dots! Dots! at the museum /  cby Francie Alexander ; [illustrations, Nancy Davis] aNew York : bScholastic Inc. c2000 a16 pages :  bcolor illustrations ;  c27 cm aJuvenile literature. aVisual perception. xMuseums --  xReaders (Primary) aBR c299294d299294 001040aSSISBbSSISBcLEXd2016-08-03l0pSC-1220r2016-08-03 00:00:00w2016-08-03yBK